000 00326nam a2200133Ia 4500
008 240624s9999 xx 000 0 und d
041 _aeng
082 _a658.15 LEA
100 _aLEADER MILES TYRONE
245 _aIT S NOT YOUR FAULT
260 _c2014
_aDenver
_bOutsKirts Press
300 _a136 p.; 21 cm.
365 _c
_b38
999 _c29088
_d29088